Bandwagon Quiz - Cincinnati Reds - Statistics

General Stats
  • This quiz has been taken 65 times
  • The average score is 14 of 20
Answer Stats
Hint Answer % Correct
How many World Series titles do the Reds have? 5
100%
What controversial player leads the MLB in all-time hits? Pete Rose
100%
Who do the Reds play in the "Ohio Cup"? Cleveland Guardians
96%
What ballpark do the Reds play in? Great American Ballpark
96%
What longtime first baseman won MVP in 2010? Joey Votto
90%
What pitcher threw the fastest pitch ever while a member of the Reds? Aroldis Chapman
88%
What was the name given to the '70s Reds, who were dominant? Big Red Machine
88%
What legendary catcher won MVP twice for the Reds in 1970 and 1972? Johnny Bench
85%
What Red became the youngest player to hit for the cycle since 1972 when he did it in 2023? Elly De La Cruz
79%
Who is the current manager of the Reds? David Bell
71%
What legendary second baseman played for the Reds for 8 season in the 1970s? Joe Morgan
71%
What is the name of the Reds' Triple-A affiliate? Louisville Bats
71%
What right fielder famously hit a home run during Thom Brennaman's apology? Nick Castellanos
71%
What is the name of the Reds' mascot? Mr. Redlegs
58%
What stadium did the Reds play at until 2002? Riverfront Stadium
58%
Who is the only player to win a Cy Young award as a Red? Trevor Bauer
52%
What legendary commentator called Reds games from 1974-2019? Marty Brennaman
48%
The Reds' ballpark features two of what that shoot fire and fireworks during games? Smokestacks
48%
Who is the owner and CEO of the Reds? Bob Castellini
40%
Who leads the Reds in all-time strikeouts? Jim Maloney
15%
No matching quizzes found
Score Distribution
Percent of People with Each Score
Percentile by Number Answered
Your Score History
You have not taken this quiz